| 000 | 01146nam a2200265Mi 4500 | ||
|---|---|---|---|
| 001 | recalledtolifeda00hill | ||
| 003 | CaSfIA | ||
| 005 | 20210118214337.0 | ||
| 007 | cr|||| | ||
| 008 | 981203s1992uuuunyu 000 0 und d | ||
| 040 |
_aGEBAY _bger _cGEBAY _dCaSfIA |
||
| 020 | _a0385301316 | ||
| 020 | _a9780385301312 | ||
| 035 | _a(OCoLC)645315767 | ||
| 100 | 1 | _aHill, Reginald | |
| 245 | 0 | 0 |
_aRecalled to life : _h[electronic resource] _ba Dalziel/Pascoe mystery _cReginald Hill. |
| 260 |
_aNew York _bDelacoste Press _c1992. |
||
| 300 | _a359 S. | ||
| 029 | 0 |
_aGEBAY _b1832727 |
|
| 856 | 4 | 1 |
_uhttp://www.archive.org/details/recalledtolifeda00hill _zFree eBook from the Internet Archive |
| 856 | 4 | 2 |
_uhttp://www.openlibrary.org/books/OL1700977M _zAdditional information and access via Open Library |
| 942 | _cEB | ||
| 506 | _fНеобхідна авторизація на https://archive.org/ (створення облікового запису безкоштовно) | ||
| 506 | _fНеобхідна авторизація на https://openlibrary.org/ (створення облікового запису безкоштовно) | ||
| 999 |
_c542377 _d542377 |
||